000
00300nam a22001337a 4500
008
181017b xxu||||| |||| 00| 0 eng d
020
_a
2900205467357
041
_a
eng
080
_2
6th
_a
070
100
_a
40
101
_a
MED
245
_a
Mastering Public Speaking
_c
Grice,G.L
942
_2
udc
_c
BK
999
_c
50039
_d
50039